• 首页
  • 本馆介绍
  • 公告通知
  • 最新文献
  • 馆藏检索
  • 电子资源
  • 读者导购
  • 参考咨询
  • 我的图书馆
  • 登录
  • 详细信息显示
  • 放入我的书架
  • 预约/预借图书
  • 作者相关作品
  • 分类相关作品
  • 丛书相关作品
  • 出版社相关作品

书目信息

  • 表格格式
  • 工作单格式
  • 卡片格式
题名:
一个人的绘画之旅
    
 
作者: 杨云平 著/绘
分册:  
出版信息: 上海   东方出版中心  2015.04
页数: 389页
开本: 19cm
丛书名:
单 册:
中图分类: J224.2 , I267.4 , J224
科图分类:
主题词: 钢笔画--gang bi hua--作品集--中国--现代 , 游记--you ji--作品集--中国--当代
电子资源:
ISBN: 978-7-5473-0770-0
000 00964nam0 2200265 450
001 2345952490
005 20231127124605.50
010    @a978-7-5473-0770-0@dCNY52.00
100    @a20150527d2015 em y0chiy50 ea
101 0  @achi
102    @aCN@b310000
105    @aa z 000cy
200 1  @a一个人的绘画之旅@Ayi ge ren de hui hua zhi lu^@e游画港澳台@f杨云平著/绘
210    @a上海@c东方出版中心@d2015.04
215    @a389页@c彩图@d19cm
330    @a本书分为香港篇、澳门篇、台湾篇三部分, 主要内容包括: 现代大厦 ; 历史建筑 ; 港岛地质 ; 城市交通 ; 特色街道 ; 公园广场 ; 太平山顶 ; 美食天地 ; 特色购物 ; 宗教庙堂 ; 艺术展示 ; 赌城传奇等。
517 1  @a游画港澳台@Ayou hua gang ao tai
606 0  @a钢笔画@Agang bi hua@x作品集@y中国@z现代
606 0  @a游记@Ayou ji@x作品集@y中国@z当代
690    @aJ224.2@v5
690    @aI267.4@v5
690    @aJ224@v4
701  0 @a杨云平@Ayang yun ping@4著/绘
801  0 @aCN@b人天书店@c20150527
905    @aBZT@dJ224@e22
    
    一个人的绘画之旅:游画港澳台/杨云平著/绘.-上海:东方出版中心,2015.04
    389页:彩图;19cm
    
    
    ISBN 978-7-5473-0770-0:CNY52.00
    本书分为香港篇、澳门篇、台湾篇三部分, 主要内容包括: 现代大厦 ; 历史建筑 ; 港岛地质 ; 城市交通 ; 特色街道 ; 公园广场 ; 太平山顶 ; 美食天地 ; 特色购物 ; 宗教庙堂 ; 艺术展示 ; 赌城传奇等。
●
相关链接 在五车中查询图书 在当当中查询图书 在豆瓣中查询图书


正题名:一个人的绘画之旅     索取号:J224/22         预约/预借

序号 登录号 条形码 馆藏地/架位号 状态 备注
1 2001129369   2001129369   东辅楼二楼书库/ [索取号:J224/22] 在馆    
2 2001129370   2001129370   东辅楼二楼书库/ [索取号:J224/22] 在馆    
3 2001129371   2001129371   东辅楼二楼书库/ [索取号:J224/22] 在馆    
4 2001129372   2001129372   东辅楼二楼书库/ [索取号:J224/22] 在馆    
5 2001129373   2001129373   东辅楼二楼书库/ [索取号:J224/22] 在馆    
6 2001129374   2001129374   东辅楼二楼书库/ [索取号:J224/22] 在馆    
7 2001129375   2001129375   东辅楼二楼书库/ [索取号:J224/22] 在馆    
8 2001129376   2001129376   东辅楼二楼书库/ [索取号:J224/22] 在馆    
9 2001129377   2001129377   东辅楼二楼书库/ [索取号:J224/22] 在馆    
10 2001129378   2001129378   东辅楼二楼书库/ [索取号:J224/22] 在馆    
11 2001129379   2001129379   东辅楼二楼书库/ [索取号:J224/22] 在馆    
12 2001129380   2001129380   东辅楼二楼书库/ [索取号:J224/22] 在馆    
13 2001129381   2001129381   东辅楼二楼书库/ [索取号:J224/22] 在馆    
14 2001129382   2001129382   东辅楼二楼书库/ [索取号:J224/22] 在馆    
15 2001129383   2001129383   东辅楼二楼书库/ [索取号:J224/22] 在馆    
16 2001129384   2001129384   东辅楼二楼书库/ [索取号:J224/22] 在馆    
17 2001129385   2001129385   东辅楼二楼书库/ [索取号:J224/22] 在馆    
18 2001129386   2001129386   东辅楼二楼书库/ [索取号:J224/22] 在馆    
19 2001129387   2001129387   东辅楼二楼书库/ [索取号:J224/22] 在馆    
20 2001129388   2001129388   东辅楼二楼书库/ [索取号:J224/22] 在馆    
21 2001129389   2001129389   东辅楼二楼书库/ [索取号:J224/22] 在馆    
22 2001129390   2001129390   东辅楼二楼书库/ [索取号:J224/22] 在馆    
23 2001129391   2001129391   东辅楼二楼书库/ [索取号:J224/22] 在馆    
24 2001129392   2001129392   东辅楼二楼书库/ [索取号:J224/22] 在馆    
25 2001129393   2001129393   东辅楼二楼书库/ [索取号:J224/22] 在馆    
26 2001129394   2001129394   东辅楼二楼书库/ [索取号:J224/22] 在馆    
27 2001129395   2001129395   东辅楼二楼书库/ [索取号:J224/22] 在馆    
28 2001129396   2001129396   东辅楼二楼书库/ [索取号:J224/22] 在馆    
29 2001129397   2001129397   东辅楼二楼书库/ [索取号:J224/22] 在馆    
30 2001129398   2001129398   东辅楼二楼书库/ [索取号:J224/22] 在馆    
山东省滨州职业学院图书馆 欢迎您!
大连网信软件有限公司© 版权所有